00545 2200205 4500001002100000005001500021008004100036020002200077035001900099041000700118082001100125090001700136100001800153700002600171245003600197260004000233300003400273500001000307650002200317INLIS00000000000216420241224112503241224||||||||| | ||| |||| || |  a978-602-9018-39-4 0010-1224002164 aid0 a618.32 a618.32 SET a0 aSri Handayani0 aSetyo Retno Wulandari00aAsuhan Kebidanan Ibu Masa Nifas aYogyakartabGosyen Publishingc2011 aix, 182 hlm. : ilus, ; 22 cm. aCet.1 0aIlmu Keterampilan